National Anthem of El Salvador - Himno Nacional de El Salvador - Statistics

General Stats
  • This quiz has been taken 12 times
  • The average score is 59 of 115
Answer Stats
Lyrics % Correct
a
100%
de
100%
De
100%
la
100%
su
100%
con
86%
Con
86%
y
86%
Y
86%
consagrar.
71%
Consagrar,
71%
El
71%
el
71%
juremos
71%
orgullosos
71%
patria
71%
Saludemos
71%
Salvador;
71%
soñó
71%
vida
71%
animosos,
57%
hijos
57%
llamar
57%
que
57%
sin
57%
suyos
57%
bien
43%
descanso
43%
es
43%
gloria
43%
mayor.
43%
noble
43%
paz
43%
podernos
43%
Por
43%
se
43%
Siempre
43%
un
43%
barrera
29%
camino
29%
Del
29%
Desde
29%
dicha
29%
en
29%
fe
29%
Fue
29%
Le
29%
seguir,
29%
suprema,
29%
una
29%
afana
14%
alta
14%
bandera
14%
Conservarla
14%
destino,
14%
día
14%
escribió:
14%
Escribió:
14%
eterno
14%
feliz
14%
férrea
14%
grandioso
14%
inquebrantable
14%
¡LIBERTAD!
14%
obtenerla
14%
problema,
14%
ruin
14%
sangre
14%
choque
0%
Conquistarse
0%
Contra
0%
deslealtad,
0%
llenar
0%
porvenir.
0%
progreso
0%
protege
0%
No matching quizzes found
Score Distribution
Percent of People with Each Score
Percentile by Number Answered
Your Score History
You have not taken this quiz